Normal view MARC view

Entry Topical Term

Number of records used in: 1

001 - CONTROL NUMBER

  • control field: 27995

003 - CONTROL NUMBER IDENTIFIER

  • control field: AUA.1

005 - DATE AND TIME OF LATEST TRANSACTION

  • control field: 20121025164203.0

008 - FIXED-LENGTH DATA ELEMENTS

  • fixed length control field: 121025|||a|||||| | ||| d

040 ## - CATALOGING SOURCE

  • Original cataloging agency: AUA.1
  • Transcribing agency: AUA.1

150 ## - HEADING--TOPICAL TERM

  • Topical term or geographic name as entry element: Miracle, gift

670 ## - SOURCE DATA FOUND

  • Source citation: Work cat.: (AUA.1): David Adewale Alabi 27993, A Case Study of the Attitude of the Seventh-Day Adventist Church Ilorin, Nigeria on the Gift of Miracle and Healing